[Event "4NCL/Div1/WGR1 vs. SLOS1"]
[Site "Birmingham ENG"]
[Date "2005.10.22"]
[Round "1.2"]
[White "Navara, David"]
[Black "Bologan, Victor"]
[Result "1-0"]
[WhiteElo "2646"]
[BlackElo "2682"]
[PlyCount "109"]
[EventDate "2005.10.22"]
[SourceDate "2005.10.25"]

1. c4 e5 2. g3 Nf6 3. Bg2 c6 4. Nf3 e4 5. Nd4 d5 6. cxd5 Qxd5 7. Nc2 Qh5 8. d3
Bh3 9. Bxh3 Qxh3 10. Ne3 Na6 11. dxe4 Rd8 12. Qc2 Bc5 13. e5 Nd5 14. Nxd5 Qg2
15. Rf1 Rxd5 16. a3 Bd4 17. Nd2 Bxe5 18. Nc4 Bd4 19. Bf4 O-O 20. O-O-O Bxf2 21.
e4 Rxd1+ 22. Rxd1 Nc5 23. Ne3 Bxe3+ 24. Bxe3 Qxc2+ 25. Kxc2 Nxe4 26. Rd7 b5 27.
Rc7 a5 28. Rxc6 f5 29. Rb6 g5 30. Rxb5 f4 31. gxf4 gxf4 32. Re5 fxe3 33. Rxe4
Rf2+ 34. Kc3 e2 35. b4 a4 36. Kd2 Rf3 37. Rg4+ Kf7 {(=)} 38. Rg3 Rf2 39. Rh3
Kg6 40. Ke1 Rf1+ 41. Kxe2 Ra1 42. Rc3 Ra2+ 43. Kd3 Rxh2 44. Kc4 h5 45. Kb5 h4
46. Kxa4 Kf5 47. b5 Rb2 48. Ka5 Kg4 49. a4 h3 50. Kb6 Rb1 51. Rxh3 Kxh3 52. a5
Kg4 53. a6 Kf5 54. a7 Ra1 55. Kb7 1-0

[Event "4NCL/Div1/WGR1 vs. SLOS1"]
[Site "Birmingham ENG"]
[Date "2005.10.22"]
[Round "1.3"]
[White "Tiviakov, Sergei"]
[Black "Berkes, Ferenc"]
[Result "1/2-1/2"]
[WhiteElo "2700"]
[BlackElo "2596"]
[PlyCount "86"]
[EventDate "2005.10.22"]
[SourceDate "2005.10.25"]

1. e4 c5 2. c3 e6 3. d4 d5 4. exd5 exd5 5. Nf3 Nc6 6. Bb5 Bd6 7. dxc5 Bxc5 8.
O-O Nge7 9. Nbd2 a6 10. Bd3 Ba7 11. Nb3 Bg4 12. Re1 h6 13. Be3 Bb8 14. Nbd4 O-O
15. Be2 Re8 16. Qa4 Bh5 17. Rad1 Qc7 18. g3 Ba7 19. Kg2 Bg6 20. Nxc6 bxc6 21.
Bxa7 Rxa7 22. Bd3 Rb8 23. Bxg6 Nxg6 24. Re2 Qd7 25. b3 c5 26. Qxd7 Rxd7 27. c4
d4 28. Ne1 a5 29. Nd3 Rc7 30. Nb2 Nf8 31. Rde1 Ne6 32. f4 g6 33. Re5 Kg7 34.
Kf3 Kf6 35. Rd5 Rbb7 36. Na4 Rc6 37. g4 Rbc7 38. f5 Nf8 39. Re8 Nd7 40. fxg6
fxg6 41. Ra8 Ne5+ 42. Kg3 {(=)} Nd3 43. h4 Kg7 1/2-1/2

[Event "4NCL/Div1/WGR1 vs. SLOS1"]
[Site "Birmingham ENG"]
[Date "2005.10.22"]
[Round "1.5"]
[White "Gormally, Daniel W"]
[Black "Pert, Nicholas"]
[Result "1/2-1/2"]
[WhiteElo "2566"]
[BlackElo "2500"]
[PlyCount "79"]
[EventDate "2005.10.22"]
[SourceDate "2005.10.25"]

1. d4 d5 2. c4 c6 3. Nf3 Nf6 4. Nc3 dxc4 5. a4 Bf5 6. e3 e6 7. Bxc4 Bb4 8. O-O
O-O 9. Qe2 Bg6 10. Ne5 Nbd7 11. Nxg6 hxg6 12. Rd1 Qa5 13. e4 e5 14. d5 Nb6 15.
dxc6 bxc6 16. Bd2 Nxc4 17. Qxc4 Qc5 18. Qe2 Rfd8 19. Be3 Qa5 20. Qc4 Ng4 21.
Rxd8+ Rxd8 22. Qxc6 Nxe3 23. fxe3 Bxc3 24. bxc3 Qb6 25. Qxb6 axb6 26. a5 bxa5
27. Rxa5 Rc8 28. Rxe5 Kf8 29. Kf2 Rxc3 30. h4 Rc1 31. g4 Rh1 32. h5 gxh5 33.
gxh5 g6 34. hxg6 fxg6 35. Re6 Kf7 36. Rb6 Rh3 37. Ke2 Rh1 38. Kf3 Rf1+ 39. Kg4
Rf2 40. Kg5 1/2-1/2

[Event "4NCL/Div1/WGR1 vs. SLOS1"]
[Site "Birmingham ENG"]
[Date "2005.10.22"]
[Round "1.6"]
[White "Czakon, Jakub"]
[Black "Baburin, Alexander"]
[Result "1/2-1/2"]
[WhiteElo "2477"]
[BlackElo "2511"]
[PlyCount "172"]
[EventDate "2005.10.22"]
[SourceDate "2005.10.25"]

1. d4 d5 2. Nf3 e6 3. c4 dxc4 4. e4 b5 5. a4 c6 6. axb5 cxb5 7. b3 Bb7 8. bxc4
Bxe4 9. cxb5 Nf6 10. Nbd2 Bb7 11. Bd3 Be7 12. O-O O-O 13. Nb3 a6 14. Nc5 Bxc5
15. dxc5 axb5 16. Rxa8 Bxa8 17. Bf4 Qd5 18. Bd6 Rc8 19. Bxb5 Qxd1 20. Rxd1 Ne4
21. Bxb8 Nc3 22. Bd7 Rxb8 23. Ra1 Bxf3 24. gxf3 Kf8 25. c6 Nd5 26. Rc1 Nc7 27.
Rc4 Ke7 28. Rg4 g6 29. Rc4 Kd6 30. Rf4 Ke7 31. Rc4 Ra8 32. Kg2 Nd5 33. Kg3 Kd6
34. Rd4 Kc7 35. Kg2 g5 36. h4 h6 37. hxg5 hxg5 38. Rd2 Nf6 39. Rb2 Nxd7 40.
cxd7 Kxd7 41. Rb7+ Ke8 42. Rb5 f6 43. Rb7 Kf8 44. Kg3 Ra4 45. Rc7 Rd4 46. Rb7
Ke8 47. Ra7 Rd7 48. Ra6 Kf7 49. f4 {(=)} Rd3+ 50. f3 gxf4+ 51. Kxf4 e5+ 52. Kg4
Kg6 53. Rb6 Rd1 54. Kg3 Kf5 55. Rb5 Rd2 56. Ra5 Ke6 57. Ra6+ Rd6 58. Ra5 f5 59.
Kf2 Kf6 60. Rb5 Rd3 61. Kg2 Rd2+ 62. Kf1 Ke6 63. Ra5 Rc2 64. Rb5 f4 65. Ra5 Kd6
66. Ra8 Kd5 67. Rd8+ Kc4 68. Rd7 Ra2 69. Rd8 Ra5 70. Ke2 Ra2+ 71. Kf1 Ra3 72.
Ke2 Re3+ 73. Kf2 Rd3 74. Rc8+ Kd4 75. Rd8+ Kc3 76. Rc8+ Kb4 77. Rb8+ Kc5 78.
Rc8+ Kb6 79. Rb8+ Kc6 80. Rc8+ Kd7 81. Ra8 {(=)} Rd2+ 82. Kf1 Ke6 83. Re8+ Kf5
84. Rf8+ Kg5 85. Rg8+ Kh4 86. Rg7 Ra2 1/2-1/2

[Event "4NCL/Div1/WGR1 vs. SLOS1"]
[Site "Birmingham ENG"]
[Date "2005.10.22"]
[Round "1.7"]
[White "Emms, John M"]
[Black "Jackova, Jana"]
[Result "1/2-1/2"]
[WhiteElo "2502"]
[BlackElo "2389"]
[PlyCount "95"]
[EventDate "2005.10.22"]
[SourceDate "2005.10.25"]

1. e4 e5 2. Nf3 Nc6 3. Bb5 a6 4. Ba4 Nf6 5. O-O Be7 6. Re1 b5 7. Bb3 O-O 8. a4
Bb7 9. d3 Re8 10. c3 h6 11. Nbd2 Bf8 12. Ba2 d5 13. exd5 Nxd5 14. Ne4 Nf6 15.
axb5 axb5 16. Qb3 Rxa2 17. Qxa2 Qxd3 18. Nxf6+ gxf6 19. Qb1 Qd7 20. Qe4 f5 21.
Qh4 f4 22. Bd2 Ne7 23. Rad1 Ng6 24. Qh5 Qc6 25. Bc1 Bg7 26. Qf5 e4 27. Nd4 Bxd4
28. cxd4 e3 29. f3 Qd5 30. Qxd5 {(=)} Bxd5 31. g3 Bxf3 32. Rd3 Re6 33. gxf4
Nxf4 34. Rdxe3 Nh3+ 35. Kf1 Rf6 36. Rxf3 Rxf3+ 37. Kg2 Rb3 38. Bxh6 Kh7 39. Be3
f5 40. Kxh3 f4 41. Kg4 fxe3 42. Kf5 Rxb2 43. Rxe3 Rf2+ 44. Ke5 Rxh2 45. Rc3
Rh5+ 46. Ke4 Kg6 47. Rxc7 Kf6 48. Rc6+ 1/2-1/2

[Event "4NCL/Div1/WGR1 vs. SLOS1"]
[Site "Birmingham ENG"]
[Date "2005.10.22"]
[Round "1.8"]
[White "Jones, Gawain C B"]
[Black "Cmilyte, Viktorija"]
[Result "1/2-1/2"]
[WhiteElo "2444"]
[BlackElo "2480"]
[PlyCount "119"]
[EventDate "2005.10.22"]
[SourceDate "2005.10.25"]

1. e4 c5 2. Nf3 Nc6 3. Bb5 g6 4. O-O Bg7 5. c3 Nf6 6. Qa4 O-O 7. d4 cxd4 8.
cxd4 d5 9. e5 Nd7 10. Bxc6 Nb6 11. Qa5 bxc6 12. b3 Bg4 13. Nbd2 Nd7 14. Qxd8
Rfxd8 15. Ba3 Bf8 16. Rfc1 Rdc8 17. Rc3 a5 18. Ne1 Be2 19. Nd3 Bh6 20. Nf3 Bxd3
21. Rxd3 e6 22. Bc5 a4 23. b4 Bg7 24. Re1 h5 25. a3 Bh6 26. Re2 Nxc5 27. dxc5
Rc7 28. h3 Kg7 29. g4 hxg4 30. hxg4 Bf4 31. g5 Rh8 32. Rd4 Bc1 33. Ra2 Rh5 {(=)
} 34. Rg4 d4 35. Ra1 Bb2 36. Rb1 Bc3 37. Rd1 Rd7 38. Rd3 Rd5 39. Kf1 Bb2 40.
Kg2 Rh8 41. Re4 Rh5 42. Re1 Bc3 43. Rh1 Bb2 44. Rb1 Bc3 45. Kg3 Kf8 46. Kf4 Ke7
47. Ke4 Kd7 48. Rg1 Ke7 49. Rg2 Rh1 50. Rg1 Rh5 51. Kf4 Kd7 52. Kg4 Kc7 53.
Rgd1 Kb7 54. Kf4 Ka6 55. Ke4 Kb5 56. Rc1 Ka6 57. Rg1 Kb5 58. Rc1 Ka6 59. Rf1
Kb5 60. Rc1 1/2-1/2

[Event "4NCL/Div1/GUI1 vs. GUI2"]
[Site "Birmingham ENG"]
[Date "2005.10.22"]
[Round "1.1"]
[White "Rowson, Jonathan"]
[Black "Shaw, John K"]
[Result "0-1"]
[WhiteElo "2599"]
[BlackElo "2432"]
[PlyCount "88"]
[EventDate "2005.10.22"]
[SourceDate "2005.10.25"]

1. d4 d5 2. Bf4 Nf6 3. e3 c5 4. dxc5 Nc6 5. Nc3 e5 6. Bg5 Be6 7. Bxf6 gxf6 8.
Qf3 Qa5 9. Bb5 O-O-O 10. Nge2 Rg8 11. Bxc6 bxc6 12. h3 Bxc5 13. g4 h5 14. O-O-O
hxg4 15. Qxf6 Qc7 16. hxg4 {(=)} Be7 17. Qf3 Bxg4 18. Qxf7 d4 19. f3 Rgf8 20.
Qh7 Bf5 21. Qh6 dxc3 22. Nxc3 Rxd1+ 23. Rxd1 Rg8 24. Ne4 Kb7 25. Nd6+ Bxd6 26.
Rxd6 Rg1+ 27. Rd1 Rxd1+ 28. Kxd1 Qh7 29. Qxh7+ Bxh7 30. Kd2 Kc7 31. c4 c5 32.
Kc3 Bg6 33. a3 Bh5 34. f4 e4 35. b4 Kd6 36. Kb3 Bf7 37. Kc3 Be6 38. Kb3 Kc6 39.
Kc3 Kb6 40. Kb3 a6 41. Kc3 Bg4 42. Kb2 a5 43. Kb3 a4+ 44. Kxa4 Bd1# 0-1

[Event "4NCL/Div1/GUI1 vs. GUI2"]
[Site "Birmingham ENG"]
[Date "2005.10.22"]
[Round "1.2"]
[White "Wallace, John P"]
[Black "Hebden, Mark L"]
[Result "0-1"]
[WhiteElo "2392"]
[BlackElo "2514"]
[PlyCount "170"]
[EventDate "2005.10.22"]
[SourceDate "2005.10.25"]

1. d4 Nf6 2. c4 g6 3. Nc3 Bg7 4. e4 d6 5. f3 O-O 6. Bg5 c6 7. Qd2 a6 8. Bd3 b5
9. Nge2 Nbd7 10. O-O bxc4 11. Bxc4 Rb8 12. Rfd1 Qb6 13. b3 Ne5 14. Kh1 Nxc4 15.
bxc4 Be6 16. c5 Qb2 17. Qe3 Bc4 18. cxd6 exd6 19. Rac1 Rfe8 20. Rd2 Qb4 21.
Rdc2 Nd5 22. Nxd5 cxd5 23. Nc3 dxe4 24. Nxe4 Bd5 25. Qf4 Bxe4 26. Rc4 Qb7 27.
fxe4 Rxe4 28. Qxd6 Rbe8 29. h3 Qb5 30. Qc5 Qb2 31. R4c2 Qb8 32. Qc7 Qb5 33. Qg3
Bxd4 34. Rc8 Rxc8 35. Rxc8+ Kg7 36. Rc1 Qf5 37. Bd2 Re2 38. Bc3 Bxc3 39. Qxc3+
Qf6 40. Qxf6+ Kxf6 41. Rc6+ Re6 42. Rc5 h5 43. Kg1 h4 44. Kf2 g5 45. Kg1 Kg6
46. Kf2 f6 47. Ra5 Rc6 48. Kg1 Kf7 49. Kf2 Ke7 50. Kg1 Kd6 51. Kf2 Kc7 52. Rf5
Kb7 53. Kf3 Rc3+ 54. Kg4 Rg3+ 55. Kh5 Rxg2 56. Rxf6 Rg3 57. Rg6 Rxh3 58. Rg7+
Kb6 59. Rg6+ Ka5 60. Rxg5+ Ka4 61. Re5 a5 62. Re2 Ka3 63. Kg4 Rh1 64. Re3+ Kxa2
65. Re2+ Kb3 66. Re3+ Kb4 67. Re4+ Kc5 68. Re5+ Kb6 69. Re6+ Kc7 70. Ra6 Ra1
71. Kxh4 Kb7 72. Rf6 a4 73. Kg3 a3 74. Rf7+ Kb6 75. Rf6+ Kb5 76. Rf5+ Kb4 77.
Rf4+ Kc3 78. Rf3+ Kd2 79. Rf2+ Ke3 80. Rf3+ Ke4 81. Rf4+ Ke5 82. Ra4 Kd5 83.
Kg2 Kc5 84. Kh2 Kb5 85. Rf4 Rc1 0-1

[Event "4NCL/Div1/GUI1 vs. GUI2"]
[Site "Birmingham ENG"]
[Date "2005.10.22"]
[Round "1.3"]
[White "King, Daniel J"]
[Black "Buckley, Graeme"]
[Result "1-0"]
[WhiteElo "2526"]
[BlackElo "2391"]
[PlyCount "49"]
[EventDate "2005.10.22"]
[SourceDate "2005.10.25"]

1. e4 c5 2. Nf3 e6 3. c3 d5 4. e5 Nc6 5. d4 Bd7 6. Be2 Nge7 7. O-O Ng6 8. Be3
cxd4 9. cxd4 Be7 10. Nc3 O-O 11. Bd3 Rc8 12. g3 Na5 13. Qe2 Nc4 14. h4 h6 15.
Rac1 b5 16. Nh2 Be8 17. Ng4 f5 18. exf6 Bxf6 19. b3 Nxe3 20. Qxe3 Qb6 21. Nxf6+
gxf6 22. Nxd5 Qb7 23. Qxe6+ Bf7 24. Nxf6+ Kh8 25. Qe3 1-0

[Event "4NCL/Div1/GUI1 vs. GUI2"]
[Site "Birmingham ENG"]
[Date "2005.10.22"]
[Round "1.4"]
[White "Collas, Silvia"]
[Black "Plaskett, James"]
[Result "1/2-1/2"]
[WhiteElo "2373"]
[BlackElo "2485"]
[PlyCount "46"]
[EventDate "2005.10.22"]
[SourceDate "2005.10.25"]

1. Nf3 Nf6 2. c4 c5 3. Nc3 Nc6 4. g3 e6 5. Bg2 d5 6. cxd5 Nxd5 7. O-O Be7 8. b3
O-O 9. Bb2 Bf6 10. Qb1 b6 11. Nxd5 exd5 12. d4 Ba6 13. dxc5 Bxe2 14. Rc1 Bxf3
15. Bxf3 Nd4 16. Bg4 bxc5 17. Rxc5 Qd6 18. Ra5 Rfe8 19. Qd3 Re4 20. Ra4 Nxb3
21. axb3 Bxb2 22. Rxe4 Bxa1 23. Ra4 Bf6 1/2-1/2

[Event "4NCL/Div1/GUI1 vs. GUI2"]
[Site "Birmingham ENG"]
[Date "2005.10.22"]
[Round "1.6"]
[White "Ciuksyte, Dagne"]
[Black "Howell, David W L"]
[Result "1/2-1/2"]
[WhiteElo "2370"]
[BlackElo "2475"]
[PlyCount "84"]
[EventDate "2005.10.22"]
[SourceDate "2005.10.25"]

1. e4 e5 2. Nf3 Nc6 3. Bb5 a6 4. Ba4 Nf6 5. O-O Be7 6. Re1 b5 7. Bb3 O-O 8. c3
d6 9. h3 Nb8 10. d4 Nbd7 11. Nbd2 Bb7 12. Bc2 Re8 13. b3 Bf8 14. Bb2 g6 15. a4
Bg7 16. d5 c6 17. c4 Nh5 18. Nf1 cxd5 19. cxd5 Nf4 20. Ba3 Qb6 21. Ne3 Nf6 22.
Qd2 Bf8 23. Qb4 Nd7 24. g3 Nh5 25. Bd3 Nc5 26. Bf1 Rec8 27. Nc4 Qc7 28. axb5
axb5 29. Qxb5 Ba6 30. Qb6 Bxc4 31. Qxc7 Rxc7 32. Bxc4 Rca7 33. Bb2 Rxa1 34.
Bxa1 Nf6 35. b4 Ncxe4 36. Bd3 Ra3 37. Bxe4 Nxe4 38. Rxe4 Rxa1+ 39. Re1 Ra3 40.
Re3 Ra1+ 41. Re1 Ra3 42. Re3 Ra1+ 1/2-1/2

[Event "4NCL/Div1/GUI1 vs. GUI2"]
[Site "Birmingham ENG"]
[Date "2005.10.22"]
[Round "1.7"]
[White "Collas, Didier"]
[Black "Abayasekera, Roger"]
[Result "1-0"]
[WhiteElo "2439"]
[BlackElo "2210"]
[PlyCount "160"]
[EventDate "2005.10.22"]
[SourceDate "2005.10.25"]

1. Nf3 Nf6 2. c4 e6 3. Nc3 c5 4. g3 b6 5. Bg2 Bb7 6. O-O Be7 7. Re1 Ne4 8. Nxe4
Bxe4 9. d3 Bb7 10. e4 Nc6 11. d4 cxd4 12. Nxd4 Nxd4 13. Qxd4 O-O 14. b3 Qc8 15.
Bb2 Bf6 16. e5 Be7 17. Rad1 Bxg2 18. Kxg2 Qc6+ 19. Qe4 Rad8 20. h4 f5 21. exf6
Qxe4+ 22. Rxe4 Bxf6 23. Ba3 Rfe8 24. Bd6 Rc8 25. h5 h6 26. c5 bxc5 27. Ra4 Bd4
28. Rxa7 Ra8 29. Rxd7 Rxa2 30. Rxd4 cxd4 31. Be5 d3 32. Rxg7+ Kf8 33. Rd7 Rc8
34. Bg7+ Ke8 35. Rxd3 Rc5 36. Bxh6 Rxh5 37. Bf4 Rb5 38. Bd6 Rf5 39. Rf3 Rb2 40.
b4 Kf7 41. Bc5 Rc2 42. Ra3 Rc4 43. Ra7+ Kg6 44. Re7 Kf6 45. Rb7 Rcxc5 46. bxc5
Rxc5 47. Rb8 Re5 48. g4 Re1 49. Kg3 Re2 50. Rb3 Re1 51. Ra3 Rg1+ 52. Kf4 e5+
53. Kf3 e4+ 54. Kf4 Rg2 55. g5+ Kg7 56. Ra7+ Kg6 57. Ra2 Kh5 58. Kxe4 Rxg5 59.
Ra6 Rb5 60. Re6 Rb4+ 61. Kf5 Rb5+ 62. Re5 Rb8 63. f4 Kh6 64. Re6+ Kg7 65. Re7+
Kf8 66. Kf6 Rb6+ 67. Re6 Rb7 68. f5 Rf7+ 69. Kg5 Rg7+ 70. Rg6 Rh7 71. Rf6+ Kg8
72. Ra6 Rb7 73. Rh6 Rb1 74. Kg6 Rg1+ 75. Kf6 Ra1 76. Rh2 Ra6+ 77. Kg5 Kf7 78.
Rh7+ Kf8 79. Rd7 Rb6 80. Rc7 Kg8 1-0

[Event "4NCL/Div1/GUI1 vs. GUI2"]
[Site "Birmingham ENG"]
[Date "2005.10.22"]
[Round "1.8"]
[White "Anderton, Matthew N"]
[Black "Lalic, Susan"]
[Result "1/2-1/2"]
[WhiteElo "2205"]
[BlackElo "2356"]
[PlyCount "37"]
[EventDate "2005.10.22"]
[SourceDate "2005.10.25"]

1. e4 c6 2. d4 d5 3. exd5 cxd5 4. c4 Nf6 5. Nc3 Nc6 6. Nf3 Bg4 7. cxd5 Nxd5 8.
Qb3 Bxf3 9. gxf3 Nb6 10. Be3 e6 11. Rg1 g6 12. d5 exd5 13. O-O-O Be7 14. Nxd5
Nxd5 15. Rxd5 Qc7 16. Qc3 Bf6 17. Qc5 Be7 18. Qc3 Bf6 19. Qc5 1/2-1/2

[Event "4NCL/Div1/NWE1 vs. AD"]
[Site "Birmingham ENG"]
[Date "2005.10.22"]
[Round "1.1"]
[White "Morrison, Graham"]
[Black "Chandler, Murray G"]
[Result "1/2-1/2"]
[WhiteElo "2326"]
[BlackElo "2537"]
[PlyCount "53"]
[EventDate "2005.10.22"]
[SourceDate "2005.10.25"]

1. d4 Nf6 2. c4 e6 3. Nf3 d5 4. Nc3 Be7 5. Bg5 h6 6. Bxf6 Bxf6 7. e3 O-O 8. Rc1
Nc6 9. a3 a6 10. cxd5 exd5 11. Bd3 g6 12. O-O Bg7 13. b4 Qd6 14. Qb3 Rd8 15.
Rfd1 Ne7 16. Na4 b6 17. Rd2 Bd7 18. Rdc2 Ra7 19. Nc3 c6 20. Nb1 Nc8 21. a4 Ne7
22. b5 cxb5 23. axb5 a5 24. Qa3 Qxa3 25. Nxa3 Kf8 26. Ne5 Bxe5 27. dxe5 1/2-1/2

[Event "4NCL/Div1/NWE1 vs. AD"]
[Site "Birmingham ENG"]
[Date "2005.10.22"]
[Round "1.2"]
[White "Hennigan, Michael T"]
[Black "Littlewood, John E"]
[Result "1-0"]
[WhiteElo "2400"]
[BlackElo "2275"]
[PlyCount "73"]
[EventDate "2005.10.22"]
[SourceDate "2005.10.25"]

1. g3 Nf6 2. Bg2 g6 3. e4 d6 4. d4 Bg7 5. Nc3 c6 6. Nge2 O-O 7. O-O e5 8. a4 a5
9. h3 Na6 10. Be3 exd4 11. Bxd4 Re8 12. g4 Nb4 13. f4 Bxg4 14. hxg4 Nxg4 15.
Rf3 Bxd4+ 16. Nxd4 Qb6 17. Rc1 Na6 18. Rh3 h5 19. Qd2 Nc5 20. Kh1 Qxb2 21. Rb1
Qa3 22. f5 Nxa4 23. fxg6 f6 24. Nxa4 Qxa4 25. Bf3 Qa2 26. Rg1 c5 27. Bxg4 cxd4
28. Rxh5 Re5 29. Rh8+ Kxh8 30. Qh6+ Kg8 31. Qh7+ Kf8 32. g7+ Ke8 33. g8=Q+ Qxg8
34. Qxg8+ Ke7 35. Qxa8 Rg5 36. Qxb7+ Kf8 37. Be6 1-0

[Event "4NCL/Div1/NWE1 vs. AD"]
[Site "Birmingham ENG"]
[Date "2005.10.22"]
[Round "1.3"]
[White "van der Linden, Lukas"]
[Black "Jirka, Jiri"]
[Result "0-1"]
[WhiteElo "2281"]
[BlackElo "2387"]
[PlyCount "44"]
[EventDate "2005.10.22"]
[SourceDate "2005.10.25"]

1. d4 d5 2. c4 c6 3. Nf3 Nf6 4. Nc3 a6 5. e3 b5 6. cxd5 cxd5 7. Ne5 e6 8. Bd2
Bd6 9. a4 b4 10. Na2 a5 11. Bb5+ Nfd7 12. O-O Bxe5 13. dxe5 O-O 14. f4 Ba6 15.
Qc2 Qb6 16. Rfc1 Bxb5 17. axb5 Ra7 18. Nxb4 axb4 19. Rxa7 Qxa7 20. Bxb4 Qxe3+
21. Kh1 Re8 22. Bd2 Qe2 0-1

[Event "4NCL/Div1/NWE1 vs. AD"]
[Site "Birmingham ENG"]
[Date "2005.10.22"]
[Round "1.4"]
[White "Cernousek, Lukas"]
[Black "Carleton, John J"]
[Result "0-1"]
[WhiteElo "2379"]
[BlackElo "2284"]
[PlyCount "70"]
[EventDate "2005.10.22"]
[SourceDate "2005.10.25"]

1. e4 Nf6 2. e5 Nd5 3. d4 d6 4. c4 Nb6 5. exd6 cxd6 6. Nc3 g6 7. Be3 Bg7 8. Rc1
O-O 9. b3 Na6 10. Be2 f5 11. d5 e5 12. dxe6 Bxe6 13. Nf3 Nc5 14. Qd2 f4 15. Bd4
Qe7 16. Bxg7 Kxg7 17. O-O Rad8 18. Nd4 Bc8 19. Rfe1 Qf6 20. Bf3 Rfe8 21. Ndb5
Re5 22. Rcd1 Rxe1+ 23. Rxe1 Bf5 24. Nxa7 Nd3 25. Re2 Nd7 26. Bxb7 N7e5 27. Bd5
f3 28. Bxf3 Nxf3+ 29. gxf3 Bh3 30. Nc6 Nf4 31. Re7+ Kf8 32. Re5 Rd7 33. Ne4
dxe5 34. Qxd7 Ne2+ 35. Kh1 Qxf3# 0-1

[Event "4NCL/Div1/NWE1 vs. AD"]
[Site "Birmingham ENG"]
[Date "2005.10.22"]
[Round "1.5"]
[White "Kennaugh, Charles W"]
[Black "Richardson, John R"]
[Result "0-1"]
[WhiteElo "2274"]
[BlackElo "2356"]
[PlyCount "76"]
[EventDate "2005.10.22"]
[SourceDate "2005.10.25"]

1. e4 d5 2. exd5 Qxd5 3. Nc3 Qa5 4. Bc4 Nf6 5. d3 c6 6. Qe2 e6 7. Bd2 Bb4 8.
O-O-O b5 9. Bb3 Na6 10. a3 Bxc3 11. Bxc3 Qb6 12. Bxf6 gxf6 13. d4 c5 14. Bd5
Rb8 15. Nf3 O-O 16. Be4 f5 17. dxc5 Nxc5 18. Bd3 b4 19. a4 b3 20. Qe3 f6 21. c3
Nxa4 22. Nd4 Nc5 23. Bb1 Rb7 24. Rhe1 a5 25. Qh6 Rg7 26. Re3 a4 27. Rde1 Qc7
28. Rg3 Rxg3 29. hxg3 a3 30. bxa3 Nd3+ 31. Bxd3 Qxc3+ 32. Kd1 Qxd3+ 33. Qd2 Qc4
34. Nf3 Ba6 35. Re3 Rb8 36. Qb2 Rd8+ 37. Nd2 Qf1+ 38. Re1 Be2+ 0-1

[Event "4NCL/Div1/NWE1 vs. AD"]
[Site "Birmingham ENG"]
[Date "2005.10.22"]
[Round "1.6"]
[White "Wheeler, Darren P"]
[Black "Hague, Ben"]
[Result "1/2-1/2"]
[WhiteElo "2239"]
[BlackElo "2300"]
[PlyCount "51"]
[EventDate "2005.10.22"]
[SourceDate "2005.10.25"]

1. e4 g6 2. f4 Bg7 3. Nf3 d6 4. d4 c5 5. c3 Nf6 6. dxc5 O-O 7. e5 dxe5 8. Qxd8
Rxd8 9. Nxe5 Nbd7 10. Nd3 Nf8 11. Nd2 Bf5 12. Nf2 Rac8 13. Nb3 Ne6 14. Be2 Nd5
15. O-O Nxc5 16. Nxc5 Rxc5 17. Rd1 Rcc8 18. Bd3 Bxd3 19. Rxd3 Nb6 20. Kf1 Na4
21. Ke2 e5 22. Rxd8+ Rxd8 23. fxe5 Bxe5 24. h3 Re8 25. Kf3 Bg7 26. Nd3 1/2-1/2

[Event "4NCL/Div1/NWE1 vs. AD"]
[Site "Birmingham ENG"]
[Date "2005.10.22"]
[Round "1.7"]
[White "Lyell, Mark"]
[Black "Anderton, David"]
[Result "0-1"]
[WhiteElo "2203"]
[BlackElo "2267"]
[PlyCount "78"]
[EventDate "2005.10.22"]
[SourceDate "2005.10.25"]

1. e4 e6 2. d4 d5 3. e5 c5 4. c3 Nc6 5. Nf3 Qb6 6. a3 Nh6 7. b4 cxd4 8. cxd4
Nf5 9. Bb2 a5 10. b5 a4 11. Be2 Be7 12. O-O O-O 13. Bd3 g6 14. Bxf5 Qxb5 15.
Bc1 exf5 16. Nc3 Qc4 17. Ne2 Be6 18. Bg5 Bxg5 19. Nxg5 h6 20. Nf3 Kg7 21. Rb1
Qa6 22. Nf4 b5 23. Qd3 Rab8 24. Rfc1 Rfc8 25. h4 Na5 26. Rxc8 Qxc8 27. Nxe6+
fxe6 28. h5 Qc4 29. Qe3 Nb3 30. Qf4 Qc7 31. g4 Qf7 32. g5 Rh8 33. gxh6+ Rxh6
34. Ng5 Qe7 35. Nf3 Rxh5 36. Kg2 Qxa3 37. Rh1 Rxh1 38. Kxh1 Qc1+ 39. Qxc1 Nxc1
0-1

[Event "4NCL/Div1/NWE1 vs. AD"]
[Site "Birmingham ENG"]
[Date "2005.10.22"]
[Round "1.8"]
[White "Bellin, Jana"]
[Black "Milligan, Helen"]
[Result "1/2-1/2"]
[WhiteElo "2170"]
[BlackElo "2045"]
[PlyCount "65"]
[EventDate "2005.10.22"]
[SourceDate "2005.10.25"]

1. d4 Nf6 2. c4 e6 3. Nf3 b6 4. e3 Bb4+ 5. Nbd2 Bb7 6. Bd3 Ne4 7. O-O Bxd2 8.
Nxd2 Nf6 9. e4 d6 10. Qe2 e5 11. dxe5 dxe5 12. c5 Nc6 13. Nf3 O-O 14. Bg5 Qe7
15. cxb6 cxb6 16. Rfd1 Rfd8 17. Bc4 Rac8 18. Bd5 Rc7 19. Bxc6 Rxd1+ 20. Rxd1
Bxc6 21. Nh4 Rd7 22. Nf5 Rxd1+ 23. Qxd1 Qd7 24. Qxd7 Bxd7 25. Ng3 Ne8 26. f3 f6
27. Bd2 Kf7 28. Kf2 Ke6 29. Ke3 Nd6 30. b3 g6 31. Ne2 Bc6 32. Nc3 Nb5 33. Nxb5
1/2-1/2

[Event "4NCL/Div1/BAR2 vs. BAR1"]
[Site "Birmingham ENG"]
[Date "2005.10.22"]
[Round "1.1"]
[White "Cox, John J"]
[Black "Parker, Jonathan"]
[Result "0-1"]
[WhiteElo "2384"]
[BlackElo "2515"]
[PlyCount "90"]
[EventDate "2005.10.22"]
[SourceDate "2005.10.25"]

1. Nf3 d5 2. d4 e6 3. c4 dxc4 4. e3 a6 5. Bxc4 c5 6. d5 b5 7. Bb3 Nf6 8. dxe6
Qxd1+ 9. Kxd1 fxe6 10. Ke2 Nc6 11. Nc3 c4 12. Bc2 Be7 13. Bd2 O-O 14. Rhc1 Bb7
15. Ng5 Ng4 16. Nge4 Rad8 17. f3 Nge5 18. Nf2 b4 19. Nce4 a5 20. Ke1 Ba6 21.
Bd1 Rc8 22. Be2 Nb8 23. Rc2 Ned7 24. a3 c3 25. Bc1 cxb2 26. Rxb2 bxa3 27. Rba2
Bb4+ 28. Kf1 Bxe2+ 29. Kxe2 Nb6 30. Bxa3 Nc6 31. Rc1 Bxa3 32. Rxa3 a4 33. Rb1
Rb8 34. Nd3 Na5 35. Ne5 Rfc8 36. Ra2 Nb3 37. Nd2 Nc1+ 38. Rxc1 Rxc1 39. Nd3
Rcc8 40. Nf4 Kf7 41. Ne4 Rc6 42. Ng5+ Ke7 43. Nxh7 Rbc8 44. Kd3 Rc3+ 45. Kd2
Rb3 0-1

[Event "4NCL/Div1/BAR2 vs. BAR1"]
[Site "Birmingham ENG"]
[Date "2005.10.22"]
[Round "1.2"]
[White "Kelly, Brian"]
[Black "Pritchett, Craig W"]
[Result "1-0"]
[WhiteElo "2496"]
[BlackElo "2291"]
[PlyCount "133"]
[EventDate "2005.10.22"]
[SourceDate "2005.10.25"]

1. d4 Nf6 2. c4 e6 3. Nc3 Bb4 4. Qc2 O-O 5. a3 Bxc3+ 6. Qxc3 b6 7. Bg5 h6 8.
Bh4 Bb7 9. f3 d5 10. e3 Nbd7 11. cxd5 exd5 12. Bd3 Re8 13. Ne2 c5 14. O-O Rc8
15. Qd2 Nf8 16. Bf2 Ne6 17. Ng3 Qd7 18. Nf5 Rcd8 19. Rac1 c4 20. Bb1 Nf8 21.
Rfe1 Qc6 22. Qb4 Ng6 23. a4 a5 24. Qa3 Qe6 25. b3 cxb3 26. Qxb3 Ba6 27. Bg3 Bc4
28. Qa3 Nh5 29. Bf2 Ne7 30. Nxe7+ Qxe7 31. Qxe7 Rxe7 32. Bc2 Rb7 33. Rb1 b5 34.
axb5 Rxb5 35. Rxb5 Bxb5 36. Rb1 Bd7 37. Rb7 Be6 38. g4 Nf6 39. Ra7 Rc8 40. Bd3
Rc1+ 41. Kg2 g5 42. Rxa5 Rc3 43. Bb1 Rb3 44. Bc2 Rb2 45. Rc5 Kg7 46. h3 Nd7 47.
Rc3 Nb6 48. Bd3 Rd2 49. Kf1 Na4 50. Rb3 Nb2 51. Be2 Rc2 52. Ke1 Nc4 53. Bg3
Rc1+ 54. Kf2 Rc2 55. Rb7 Ra2 56. Rc7 Rd2 57. Rc5 Ra2 58. e4 dxe4 59. fxe4 Nd2
60. Ke3 Ra3+ 61. Kxd2 Rxg3 62. d5 Bd7 63. Rc7 Ba4 64. Ra7 Bb3 65. d6 Kf6 66.
e5+ Ke6 67. Re7+ 1-0

[Event "4NCL/Div1/BAR2 vs. BAR1"]
[Site "Birmingham ENG"]
[Date "2005.10.22"]
[Round "1.3"]
[White "Devereaux, Maxim"]
[Black "Collins, Sam"]
[Result "1/2-1/2"]
[WhiteElo "2344"]
[BlackElo "2408"]
[PlyCount "122"]
[EventDate "2005.10.22"]
[SourceDate "2005.10.25"]

1. d4 d5 2. c4 c6 3. Nf3 Nf6 4. Nc3 dxc4 5. a4 Bf5 6. Ne5 Nbd7 7. Nxc4 Qc7 8.
g3 e5 9. dxe5 Nxe5 10. Bf4 Nfd7 11. Bg2 Be7 12. Nxe5 Nxe5 13. Qd4 f6 14. a5 a6
15. O-O Rd8 16. Qa4 Be6 17. Rfc1 O-O 18. Ne4 Qc8 19. Nc5 Bd5 20. Bxd5+ Rxd5 21.
Qb3 Kh8 22. Ne4 Rb5 23. Qc2 Ng6 24. Bd6 Rh5 25. e3 Qh3 26. f4 Qe6 27. Qc4 Rd5
28. Bxe7 Qxe7 29. Re1 Rb5 30. Qc2 Qb4 31. Red1 Qe7 32. Ra3 Rd8 33. Rad3 Rxd3
34. Rxd3 Nf8 35. Nd6 Rxa5 36. Qb3 h6 37. Qxb7 Qxb7 38. Nxb7 Rb5 39. Nd8 Rxb2
40. f5 Rb5 41. Nxc6 g6 42. Rd8 Kg7 43. Nd4 Re5 44. Ra8 a5 45. Ra7+ Kg8 46. Kf2
gxf5 47. h4 Ng6 48. Nc6 Rc5 49. h5 Rxc6 50. hxg6 a4 51. Rxa4 Kg7 52. Ra7+ Kxg6
53. Kf3 Rc4 54. Rb7 h5 55. Ra7 Rc8 56. Rb7 Rg8 57. Kf4 Rh8 58. Ra7 h4 59. gxh4
Rxh4+ 60. Kg3 Rb4 61. Kf3 Rc4 1/2-1/2